| 000 | 00370nam a2200133 a 4500 | ||
|---|---|---|---|
| 001 | 5184 | ||
| 003 | CDMR | ||
| 005 | 20130916115654.0 | ||
| 008 | 130130s1980||||||||||||||||||||||||||||d | ||
| 040 |
_aCDMR _bcat _cCDMR |
||
| 245 | 0 | 4 |
_aLos quince mil verbos españoles _b: su gramática, clasificación y conjugación |
| 260 |
_aBarcelona _c1980 _bRamón Sopena |
||
| 942 |
_cMON _2udc |
||
| 999 |
_c5184 _d5184 |
||